<?xml version="1.0" encoding="UTF-8"?>
<record
    xmlns:xsi="http://www.w3.org/2001/XMLSchema-instance"
    xsi:schemaLocation="http://www.loc.gov/MARC21/slim http://www.loc.gov/standards/marcxml/schema/MARC21slim.xsd"
    xmlns="http://www.loc.gov/MARC21/slim">

  <leader>01377cgm a22003495a 4500</leader>
  <controlfield tag="001">3699</controlfield>
  <controlfield tag="003">FISKH</controlfield>
  <controlfield tag="005">20240422142455.0</controlfield>
  <controlfield tag="007">m||||||||||||||||      </controlfield>
  <controlfield tag="007">m||||||||||||||||20006 </controlfield>
  <controlfield tag="008">010906s1997    xxu001            mleng  </controlfield>
  <datafield tag="010" ind1=" " ind2=" ">
    <subfield code="a">  2001643588</subfield>
  </datafield>
  <datafield tag="017" ind1=" " ind2=" ">
    <subfield code="a">PA965-428</subfield>
    <subfield code="b">U.S. Copyright Office</subfield>
  </datafield>
  <datafield tag="020" ind1=" " ind2=" ">
    <subfield code="a">9781869559465</subfield>
  </datafield>
  <datafield tag="040" ind1=" " ind2=" ">
    <subfield code="a">DLC</subfield>
    <subfield code="c">DLC</subfield>
    <subfield code="e">amim</subfield>
    <subfield code="d">DLC</subfield>
    <subfield code="b">eng</subfield>
  </datafield>
  <datafield tag="050" ind1="0" ind2="0">
    <subfield code="a">CGC 9323-9328 (viewing print)</subfield>
  </datafield>
  <datafield tag="082" ind1=" " ind2=" ">
    <subfield code="a">398.20942 </subfield>
  </datafield>
  <datafield tag="100" ind1=" " ind2=" ">
    <subfield code="a">Smith, Annette </subfield>
  </datafield>
  <datafield tag="245" ind1="0" ind2="4">
    <subfield code="a">The gingerbread man /</subfield>
    <subfield code="c">Retold by Annette Smith; Illustrated by Rachel Tonkin ; Gingerbread man created by Nathan Mitchell </subfield>
  </datafield>
  <datafield tag="260" ind1=" " ind2=" ">
    <subfield code="a">Victoria : </subfield>
    <subfield code="b">Nelson Cengage Learning, </subfield>
    <subfield code="c">1997.</subfield>
  </datafield>
  <datafield tag="300" ind1=" " ind2=" ">
    <subfield code="a">32 pages : </subfield>
    <subfield code="b">color illustrations ; </subfield>
    <subfield code="c">21 cm </subfield>
  </datafield>
  <datafield tag="505" ind1=" " ind2=" ">
    <subfield code="a">G
</subfield>
  </datafield>
  <datafield tag="511" ind1="1" ind2=" ">
    <subfield code="a">Kenneth Branagh, Embeth Davidtz, Robert Downey Jr. Daryl Hannah.</subfield>
  </datafield>
  <datafield tag="520" ind1=" " ind2=" ">
    <subfield code="a">When a little old lady bakes a gingerbread man, he comes alive and runs away. She chases him and along the way other animals try convincing him to stop. Finally, he arrives at a river where he must decide whether to accept an old fox's help.</subfield>
  </datafield>
  <datafield tag="521" ind1="8" ind2=" ">
    <subfield code="a">380
</subfield>
    <subfield code="b">Lexile 
</subfield>
  </datafield>
  <datafield tag="521" ind1="8" ind2=" ">
    <subfield code="a">G
</subfield>
    <subfield code="b">Raz-Plus </subfield>
  </datafield>
  <datafield tag="650" ind1=" " ind2=" ">
    <subfield code="a">Fairytale </subfield>
    <subfield code="x">Gingerbread man </subfield>
  </datafield>
  <datafield tag="700" ind1=" " ind2=" ">
    <subfield code="a">Tonkin, Rachel </subfield>
    <subfield code="e">Illustrator </subfield>
  </datafield>
  <datafield tag="906" ind1=" " ind2=" ">
    <subfield code="a">0</subfield>
    <subfield code="b">cbc</subfield>
    <subfield code="c">orignew</subfield>
    <subfield code="d">u</subfield>
    <subfield code="e">ncip</subfield>
    <subfield code="f">20</subfield>
    <subfield code="g">y-movingim</subfield>
  </datafield>
  <datafield tag="942" ind1=" " ind2=" ">
    <subfield code="2">ddc</subfield>
    <subfield code="c">BK</subfield>
    <subfield code="n">0</subfield>
  </datafield>
  <datafield tag="999" ind1=" " ind2=" ">
    <subfield code="c">3699</subfield>
    <subfield code="d">3699</subfield>
  </datafield>
  <datafield tag="952" ind1=" " ind2=" ">
    <subfield code="0">0</subfield>
    <subfield code="1">0</subfield>
    <subfield code="2">ddc</subfield>
    <subfield code="4">0</subfield>
    <subfield code="7">0</subfield>
    <subfield code="8">JUVF</subfield>
    <subfield code="a">001</subfield>
    <subfield code="b">001</subfield>
    <subfield code="c">TK Blue</subfield>
    <subfield code="d">2024-04-22</subfield>
    <subfield code="l">1</subfield>
    <subfield code="o">SMI 398.20942 PZ7 </subfield>
    <subfield code="p">FISTK04035</subfield>
    <subfield code="r">2025-03-04 09:26:13</subfield>
    <subfield code="s">2024-08-23</subfield>
    <subfield code="t">1</subfield>
    <subfield code="w">2024-04-22</subfield>
    <subfield code="y">BK</subfield>
  </datafield>
  <datafield tag="952" ind1=" " ind2=" ">
    <subfield code="0">0</subfield>
    <subfield code="1">0</subfield>
    <subfield code="2">ddc</subfield>
    <subfield code="4">0</subfield>
    <subfield code="7">0</subfield>
    <subfield code="8">JUVF</subfield>
    <subfield code="a">002</subfield>
    <subfield code="b">002</subfield>
    <subfield code="c">TTP Dark Blue</subfield>
    <subfield code="d">2025-06-20</subfield>
    <subfield code="l">0</subfield>
    <subfield code="o">SMI 398.20942 PZ7 </subfield>
    <subfield code="p">FISBK05018</subfield>
    <subfield code="r">2025-06-20 10:55:53</subfield>
    <subfield code="t">2</subfield>
    <subfield code="w">2025-06-20</subfield>
    <subfield code="y">BK</subfield>
  </datafield>
  <datafield tag="952" ind1=" " ind2=" ">
    <subfield code="0">0</subfield>
    <subfield code="1">0</subfield>
    <subfield code="2">ddc</subfield>
    <subfield code="4">0</subfield>
    <subfield code="7">0</subfield>
    <subfield code="8">JUVF</subfield>
    <subfield code="a">002</subfield>
    <subfield code="b">002</subfield>
    <subfield code="c">TTP Dark Blue</subfield>
    <subfield code="d">2025-06-23</subfield>
    <subfield code="l">0</subfield>
    <subfield code="o">SMI 398.20942 PZ7 </subfield>
    <subfield code="p">FIS02188</subfield>
    <subfield code="r">2025-06-23 11:08:23</subfield>
    <subfield code="t">3</subfield>
    <subfield code="w">2025-06-23</subfield>
    <subfield code="y">BK</subfield>
  </datafield>
  <datafield tag="952" ind1=" " ind2=" ">
    <subfield code="0">0</subfield>
    <subfield code="1">0</subfield>
    <subfield code="2">ddc</subfield>
    <subfield code="4">0</subfield>
    <subfield code="7">0</subfield>
    <subfield code="8">JUVF</subfield>
    <subfield code="a">002</subfield>
    <subfield code="b">002</subfield>
    <subfield code="c">TTP Dark Blue</subfield>
    <subfield code="d">2025-06-23</subfield>
    <subfield code="l">0</subfield>
    <subfield code="o">SMI 398.20942 PZ7 </subfield>
    <subfield code="p">FIS04911</subfield>
    <subfield code="r">2025-06-23 11:08:53</subfield>
    <subfield code="t">4</subfield>
    <subfield code="w">2025-06-23</subfield>
    <subfield code="y">BK</subfield>
  </datafield>
  <datafield tag="952" ind1=" " ind2=" ">
    <subfield code="0">0</subfield>
    <subfield code="1">0</subfield>
    <subfield code="2">ddc</subfield>
    <subfield code="4">0</subfield>
    <subfield code="7">0</subfield>
    <subfield code="8">JUVF</subfield>
    <subfield code="a">002</subfield>
    <subfield code="b">002</subfield>
    <subfield code="c">TTP Dark Blue</subfield>
    <subfield code="d">2025-06-23</subfield>
    <subfield code="l">1</subfield>
    <subfield code="o">SMI 398.20942 PZ7 </subfield>
    <subfield code="p">FIS05082</subfield>
    <subfield code="r">2026-03-19 08:05:23</subfield>
    <subfield code="s">2026-03-12</subfield>
    <subfield code="t">5</subfield>
    <subfield code="w">2025-06-23</subfield>
    <subfield code="y">BK</subfield>
  </datafield>
  <datafield tag="952" ind1=" " ind2=" ">
    <subfield code="0">0</subfield>
    <subfield code="1">0</subfield>
    <subfield code="2">ddc</subfield>
    <subfield code="4">0</subfield>
    <subfield code="7">0</subfield>
    <subfield code="8">JUVF</subfield>
    <subfield code="a">002</subfield>
    <subfield code="b">002</subfield>
    <subfield code="c">TTP Dark Blue</subfield>
    <subfield code="d">2025-06-23</subfield>
    <subfield code="l">0</subfield>
    <subfield code="o">SMI 398.20942 PZ7 </subfield>
    <subfield code="p">FISBK05000</subfield>
    <subfield code="r">2025-06-23 11:09:21</subfield>
    <subfield code="t">6</subfield>
    <subfield code="w">2025-06-23</subfield>
    <subfield code="y">BK</subfield>
  </datafield>
</record>
